| 000 | 01784nam a2200349 i 4500 | ||
|---|---|---|---|
| 003 | DO-SdBNP | ||
| 005 | 20260514124258.0 | ||
| 007 | ta | ||
| 008 | 250409b2024 pr ||||| |||| 00| 0 spa d | ||
| 020 | _a97899945637380 | ||
| 040 |
_aDO-SdBNP _bspa _cBNPHU _erda |
||
| 041 | _aspa | ||
| 082 | 4 |
_aRD860.5 _bG993p 2024 _222 |
|
| 100 | 1 |
_aGuzmán Ibeth _d1983- _eautor _4aut. _913120 |
|
| 245 | 1 | 3 |
_aEl personaje haitiano en la narrativa dominicana / _cIbeth Guzmán. |
| 250 | _aSegunda edición revisada | ||
| 264 | 4 |
_aSan Juan, Puerto Rico : _bEditorial Isla Negra, _c©2024. |
|
| 300 |
_a206 páginas ; _c23 cm. |
||
| 336 |
_atexto _btxt _2rdacontent |
||
| 337 |
_asin mediación _bn _2rdamedia |
||
| 338 |
_avolumen _bnc _2rdacarrier |
||
| 490 | 0 | _aColección visiones y cegueras | |
| 500 | _aIncluye datos biográficos de la autora en la solapa de la cubierta. | ||
| 504 | _aBibliografía: páginas 203-206 | ||
| 505 | _aCERO / Personaje, persona, narración, historia y otredad : cinco componentes para la construcción del personaje haitiano, 17.-- UNO / Narración de referente real : el personaje haitiano en Rufinito y "Las vírgenes de Galindo", 53.-- DOS / Dulce amargura del personaje haitiano en los ingenios de caña, 79.-- TRES / El degüello en Moca y el masacre se pasa a pie : el personaje haitiano como victimizador y víctima, 113.-- CUATRO / El personaje haitiano y el espacio urbano, 137.-- CINCO / El personaje haitiano desde la diáspora, 163.-- AL MARGEN / Nota de cierre, 195.-- Bibliografía, 203. | ||
| 590 | _aInventariado, 2025 /LP | ||
| 650 | 7 |
_aHaitianos en la literatura dominicana _989567 |
|
| 650 | 7 |
_aCaracterísticas nacionales, haitianas, en la literatura _989568 |
|
| 650 | 7 |
_aNovela dominicana _9223 |
|
| 910 | _aLP | ||
| 942 |
_2ddc _cLBS1 |
||
| 999 |
_c58694 _d58694 |
||